000 00640nam a2200217Ia 4500
003 OSt
005 20230427133750.0
008 210423s1993 xx 000 0 und d
020 _a8120407679
040 _cAL
041 _aeng
082 _a660.6 SRIH
100 _aSRIVASTAVA (H C),Ed.
_994068
245 _aBiotechnological applications for food security in developing countries.
260 _aNew Delhi
_bOxford University Press
_c1993
300 _axxvii,616
_bPB
365 _cINR
650 _aBiotechnology
_994069
906 _aapplications ; Biotechnological ; countries ; developing ; food ; security
942 _2ddc
_cBK
999 _c162804
_d162804